| 000 | 00554cam a22001577a 4500 | ||
|---|---|---|---|
| 008 | 180718b1993 xxu||||| |||| 00| 0 eng d | ||
| 020 | _a0803977158 | ||
| 082 | _aB3 El42m | ||
| 245 |
_aManaging public organizations: lessons from contemporary European experience _cedited by Kjell A. Eliassen and Jan Kooiman |
||
| 260 |
_aLondon _bSage _c1993 |
||
| 300 | _a302p. | ||
| 650 | _aGovernment business enterprises --Europe --Management. | ||
| 650 | _aCorporations, Government --Europe --Management | ||
| 700 | _aKooiman, Jan | ||
| 700 | _aEliassen, Kjell A. | ||
| 999 |
_c376813 _d376813 |
||